00639nam a22002057a 450000500170000001000130001702000100003003500130004003700160005304000120006908200160008124500650009726000580016227000640022030000340028450000410031865000280035965000300038770000160041720170124110031.0 aB-059750 c00.00 aB-059750 bCen Lib/Ret adplbEN a382.92bSTU aA study of world trade organisation /cedited by K. R. Gupta bAtlantic Publishers and Distributorsc2000aNew Delhi aB-2, Vishal Enclave, Opp. Rajouri GardenbNew Delhie110027 aviii, 447p. :c22cm(Hb)bill. aIncludes bibliographical references  aInternational Commerce. aWorld Trade Organisation. aGupta, K.R.